000 01025nam a2200241Ia 4500
003 Ost
005 20260507075432.0
008 260507s9999||||xx |||||||||||||| ||und||
020 _a9774100263
040 _cfsecg
041 _aara
082 _a510
100 _aعبد الحميد، سلطان محمد
_eمؤلف
245 0 _aرياضيات الاعمال للتجاريين /
_c سلطان محمد عبد الحميد
260 _aالقاهرة:
_bالمكتبة العصرية,
_c2007
300 _a410 صفحة؛
_bإيضاحات ؛
_c24 سم
504 _aببليوغرافيا: ص.405-406
520 _aيضم الفئات والأعداد الحقيقية، المعادلات وتطبيقاتها التجارية، الدوال الأسية واللوغارتمية، المحددات، المصفوفات، المتسلسلات، النهايات، التفاضل، التكامل
653 _aالدوال
653 _aالرياضيات
653 _aالمصفوقات
942 _cكتاب
999 _c44521
_d44521